[Event "World Youth & Cadets Rapid Championships"]
[Site "Rhodes, Greece"]
[Date "2022.05.01"]
[Round "5.8"]
[White "Hercegovac, Neven"]
[Black "Skrbec, Leon"]
[Result "1/2-1/2"]
[TimeControl "10'/game & 5\"/move"]
[WhiteElo "1945"]
[BlackElo "1873"]

1. e4 {[%clk 00:10:09]} {[%emt 00:00:01]} c5 {[%clk 00:10:06]} {[%emt
00:00:04]} 2. Nf3 {[%clk 00:10:13]} {[%emt 00:00:01]} d6 {[%clk 00:10:10]}
{[%emt 00:00:01]} 3. d4 {[%clk 00:10:17]} cxd4 {[%clk 00:10:14]} {[%emt
00:00:02]} 4. Nxd4 {[%clk 00:10:20]} {[%emt 00:00:01]} Nf6 {[%clk 00:10:17]}
{[%emt 00:00:01]} 5. Nc3 {[%clk 00:10:24]} {[%emt 00:00:02]} a6 {[%clk
00:10:21]} {[%emt 00:00:01]} 6. g3 {[%clk 00:10:28]} {[%emt 00:00:01]} e5
{[%clk 00:10:20]} {[%emt 00:00:06]} 7. Nde2 {[%clk 00:10:31]} {[%emt 00:00:01]}
Be6 {[%clk 00:10:19]} {[%emt 00:00:06]} 8. Bg2 {[%clk 00:10:30]} {[%emt
00:00:06]} Be7 {[%clk 00:10:23]} 9. h3 {[%clk 00:10:29]} {[%emt 00:00:06]} Nbd7
{[%clk 00:10:16]} {[%emt 00:00:13]} 10. g4 {[%clk 00:10:24]} {[%emt 00:00:11]}
Nc5 {[%clk 00:09:55]} {[%emt 00:00:25]} 11. Ng3 {[%clk 00:10:11]} {[%emt
00:00:17]} g6 {[%clk 00:09:40]} {[%emt 00:00:26]} 12. Bh6 {[%clk 00:10:15]}
{[%emt 00:00:05]} Qb6 {[%clk 00:09:25]} {[%emt 00:00:21]} 13. b3 {[%clk
00:09:08]} {[%emt 00:01:13]} Rc8 {[%clk 00:07:53]} {[%emt 00:01:36]} 14. O-O
{[%clk 00:08:16]} {[%emt 00:00:57]} Qb4 {[%clk 00:07:31]} {[%emt 00:00:27]} 15.
Bg7 {[%clk 00:07:09]} {[%emt 00:01:12]} Rg8 {[%clk 00:07:33]} {[%emt 00:00:02]}
16. Bxf6 {[%clk 00:07:11]} {[%emt 00:00:03]} Qxc3 {[%clk 00:07:21]} {[%emt
00:00:18]} 17. Bxe7 {[%clk 00:07:09]} {[%emt 00:00:07]} Kxe7 {[%clk 00:07:24]}
{[%emt 00:00:04]} 18. Ne2 {[%clk 00:06:43]} {[%emt 00:00:28]} Qa5 {[%clk
00:07:28]} {[%emt 00:00:02]} 19. f4 {[%clk 00:06:22]} {[%emt 00:00:26]} f6
{[%clk 00:06:33]} {[%emt 00:00:59]} 20. Ng3 {[%clk 00:04:50]} {[%emt 00:01:38]}
Nd7 {[%clk 00:05:38]} {[%emt 00:01:00]} 21. Kh2 {[%clk 00:04:13]} {[%emt
00:00:42]} Qc3 {[%clk 00:05:32]} {[%emt 00:00:11]} 22. Rc1 {[%clk 00:03:43]}
{[%emt 00:00:35]} exf4 {[%clk 00:05:05]} {[%emt 00:00:32]} 23. Rxf4 {[%clk
00:03:28]} {[%emt 00:00:20]} Ne5 {[%clk 00:05:09]} {[%emt 00:00:01]} 24. Ne2
{[%clk 00:03:08]} {[%emt 00:00:26]} Qe3 {[%clk 00:04:59]} {[%emt 00:00:12]} 25.
Rf1 {[%clk 00:02:22]} {[%emt 00:00:52]} h5 {[%clk 00:03:36]} {[%emt 00:01:29]}
26. Nf4 {[%clk 00:01:54]} {[%emt 00:00:33]} hxg4 {[%clk 00:02:07]} {[%emt
00:01:34]} 27. Nxe6 {[%clk 00:01:46]} {[%emt 00:00:12]} gxh3 {[%clk 00:02:08]}
{[%emt 00:00:04]} 28. Nf4 {[%clk 00:01:28]} {[%emt 00:00:24]} Rc5 {[%clk
00:01:48]} {[%emt 00:00:26]} 29. Nd5+ {[%clk 00:00:51]} {[%emt 00:00:42]} Rxd5
{[%clk 00:01:51]} {[%emt 00:00:01]} 30. Qxd5 {[%clk 00:00:54]} {[%emt
00:00:01]} Ng4+ {[%clk 00:01:37]} {[%emt 00:00:20]} 31. Kh1 {[%clk 00:00:46]}
{[%emt 00:00:13]} Qg3 {[%clk 00:00:39]} {[%emt 00:01:03]} 32. Qxb7+ {[%clk
00:00:36]} {[%emt 00:00:15]} Ke6 {[%clk 00:00:39]} {[%emt 00:00:04]} 33. Qd5+
{[%clk 00:00:34]} {[%emt 00:00:07]} Ke7 {[%clk 00:00:43]} {[%emt 00:00:01]} 34.
Qb7+ {[%clk 00:00:27]} {[%emt 00:00:13]} Ke6 {[%clk 00:00:25]} {[%emt
00:00:23]} 35. Qd5+ {[%emt 00:00:23]} Kf7 {[%emt 00:00:09]} 36. Qb7+ Ke6 {[%emt
00:00:02]} 37. Qd5+ Ke7 {[%emt 00:00:03]} 38. Qb7+ {[%emt 00:00:03]} 1/2-1/2

[Event "World Youth & Cadets Rapid Championships"]
[Site "Rhodes, Greece"]
[Date "2022.05.01"]
[Round "5.9"]
[White "Seemann, Jakub"]
[Black "Krawczyk, Flawian"]
[Result "1-0"]
[TimeControl "10'/game & 5\"/move"]
[WhiteElo "1984"]
[BlackElo "1835"]

1. Nf3 {[%clk 00:10:08]} {[%emt 00:00:01]} Nf6 {[%clk 00:10:07]} 2. g3 {[%clk
00:10:12]} {[%emt 00:00:05]} g6 {[%clk 00:10:11]} 3. Bg2 {[%clk 00:10:12]} Bg7
{[%clk 00:10:11]} 4. O-O {[%clk 00:10:12]} d6 {[%clk 00:10:11]} 5. d4 {[%clk
00:10:12]} O-O {[%clk 00:10:11]} 6. c4 {[%clk 00:10:21]} {[%emt 00:00:16]} Nc6
{[%clk 00:10:23]} 7. Nc3 {[%clk 00:10:24]} {[%emt 00:00:05]} e5 {[%clk
00:10:27]} 8. dxe5 {[%clk 00:10:22]} {[%emt 00:00:08]} dxe5 {[%clk 00:10:31]} 9.
Qa4 {[%clk 00:10:20]} {[%emt 00:00:08]} Be6 {[%clk 00:09:50]} 10. Rd1 {[%clk
00:10:09]} {[%emt 00:01:02]} Qc8 {[%clk 00:08:48]} {[%emt 00:00:32]} 11. Nd5
Re8 {[%emt 00:03:02]} 12. Be3 {[%emt 00:00:47]} Nd7 {[%clk 00:08:12]} {[%emt
00:00:22]} 13. Ng5 {[%clk 00:06:50]} {[%emt 00:00:44]} Nb6 {[%clk 00:07:53]}
{[%emt 00:00:25]} 14. Qb5 {[%clk 00:05:34]} {[%emt 00:01:20]} Bxd5 {[%clk
00:06:40]} {[%emt 00:01:19]} 15. cxd5 {[%emt 00:00:29]} Nd4 {[%clk 00:06:41]}
16. Bxd4 {[%clk 00:04:09]} {[%emt 00:01:09]} exd4 {[%clk 00:06:45]} {[%emt
00:00:02]} 17. Nf3 {[%clk 00:03:29]} {[%emt 00:00:45]} c6 {[%clk 00:04:47]}
{[%emt 00:02:03]} 18. dxc6 {[%clk 00:03:25]} {[%emt 00:00:09]} bxc6 {[%clk
00:04:50]} {[%emt 00:00:02]} 19. Qd3 {[%clk 00:02:29]} {[%emt 00:01:00]} c5
{[%clk 00:04:01]} {[%emt 00:00:55]} 20. Nd2 {[%clk 00:02:29]} {[%emt 00:00:04]}
Rb8 {[%clk 00:03:55]} {[%emt 00:00:12]} 21. b3 {[%clk 00:02:33]} {[%emt
00:00:01]} Qe6 {[%clk 00:02:54]} {[%emt 00:01:07]} 22. Bf3 {[%clk 00:02:27]}
{[%emt 00:00:07]} Nd5 {[%clk 00:02:30]} {[%emt 00:00:32]} 23. Bxd5 {[%clk
00:02:29]} {[%emt 00:00:03]} Qxd5 {[%clk 00:02:34]} {[%emt 00:00:01]} 24. e4
{[%clk 00:02:33]} Qe6 {[%clk 00:02:11]} {[%emt 00:00:27]} 25. Re1 {[%clk
00:02:35]} {[%emt 00:00:03]} h5 {[%clk 00:01:58]} {[%emt 00:00:19]} 26. Kg2
{[%clk 00:02:07]} {[%emt 00:00:33]} Bf6 {[%clk 00:01:57]} {[%emt 00:00:05]} 27.
Nc4 {[%clk 00:02:05]} {[%emt 00:00:07]} h4 {[%clk 00:01:58]} {[%emt 00:00:06]}
28. e5 {[%clk 00:01:51]} {[%emt 00:00:18]} Be7 {[%clk 00:01:58]} {[%emt
00:00:04]} 29. Qe4 {[%clk 00:01:48]} {[%emt 00:00:08]} Kg7 {[%clk 00:01:55]}
{[%emt 00:00:08]} 30. g4 {[%clk 00:01:41]} {[%emt 00:00:13]} f5 {[%clk
00:01:10]} {[%emt 00:00:50]} 31. gxf5 {[%clk 00:01:13]} {[%emt 00:00:33]} gxf5
{[%clk 00:00:53]} {[%emt 00:00:23]} 32. Qf3 {[%clk 00:01:16]} Rbd8 {[%clk
00:00:35]} {[%emt 00:00:24]} 33. Rad1 {[%clk 00:01:17]} {[%emt 00:00:04]} Qd5
{[%clk 00:00:39]} {[%emt 00:00:02]} 34. Qxd5 {[%clk 00:01:10]} {[%emt
00:00:11]} Rxd5 {[%clk 00:00:43]} 35. Rd3 {[%clk 00:01:04]} {[%emt 00:00:11]}
Bg5 {[%clk 00:00:34]} {[%emt 00:00:14]} 36. Kf3 {[%clk 00:00:57]} {[%emt
00:00:12]} Kh6 {[%clk 00:00:13]} {[%emt 00:00:27]} 37. Re2 {[%clk 00:00:48]}
{[%emt 00:00:13]} Bd8 {[%clk 00:00:14]} {[%emt 00:00:05]} 38. Rd1 {[%clk
00:00:23]} {[%emt 00:00:29]} Re6 {[%clk 00:00:12]} {[%emt 00:00:07]} 39. Kf4
{[%clk 00:00:15]} {[%emt 00:00:14]} Bg5+ {[%clk 00:00:10]} {[%emt 00:00:06]} 40.
Kxf5 {[%clk 00:00:17]} {[%emt 00:00:02]} Re8 {[%clk 00:00:13]} {[%emt
00:00:03]} 41. Ke4 {[%clk 00:00:20]} {[%emt 00:00:01]} Rd7 {[%clk 00:00:18]} 42.
f4 {[%clk 00:00:23]} {[%emt 00:00:02]} Bd8 {[%clk 00:00:20]} {[%emt 00:00:04]}
43. Nb2 {[%clk 00:00:22]} {[%emt 00:00:05]} a5 {[%clk 00:00:23]} {[%emt
00:00:02]} 44. Nd3 {[%clk 00:00:26]} {[%emt 00:00:01]} Bb6 {[%clk 00:00:26]}
{[%emt 00:00:02]} 45. Rg1 {[%clk 00:00:25]} {[%emt 00:00:05]} a4 {[%clk
00:00:30]} {[%emt 00:00:02]} 46. Reg2 {[%clk 00:00:27]} {[%emt 00:00:03]} Ba7
{[%clk 00:00:17]} {[%emt 00:00:18]} 47. Rg6+ {[%clk 00:00:29]} {[%emt
00:00:02]} Kh7 {[%clk 00:00:21]} {[%emt 00:00:01]} 48. R6g4 {[%clk 00:00:32]}
{[%emt 00:00:02]} Kh8 {[%clk 00:00:23]} {[%emt 00:00:04]} 49. Rxh4+ {[%clk
00:00:35]} {[%emt 00:00:02]} Rh7 {[%clk 00:00:27]} 50. Rxh7+ {[%clk 00:00:38]}
{[%emt 00:00:02]} Kxh7 {[%clk 00:00:32]} 51. f5 {[%clk 00:00:41]} {[%emt
00:00:01]} axb3 {[%clk 00:00:36]} 52. axb3 {[%clk 00:00:46]} {[%emt 00:00:01]}
Rb8 {[%clk 00:00:40]} 53. Ra1 {[%clk 00:00:46]} {[%emt 00:00:05]} Rb7 {[%clk
00:00:37]} {[%emt 00:00:08]} 54. Ra6 {[%clk 00:00:46]} {[%emt 00:00:04]} Bb8
{[%clk 00:00:13]} {[%emt 00:00:30]} 55. Nxc5 {[%clk 00:00:45]} {[%emt
00:00:06]} Rb5 {[%clk 00:00:17]} {[%emt 00:00:01]} 56. Rc6 {[%clk 00:00:43]}
{[%emt 00:00:07]} Rb4 {[%clk 00:00:21]} {[%emt 00:00:01]} 57. e6 {[%clk
00:00:41]} {[%emt 00:00:06]} Bxh2 {[%clk 00:00:08]} {[%emt 00:00:18]} 58. e7
{[%clk 00:00:42]} {[%emt 00:00:05]} Rb8 {[%clk 00:00:12]} {[%emt 00:00:01]} 59.
Nd7 {[%clk 00:00:44]} {[%emt 00:00:03]} Re8 {[%clk 00:00:16]} 60. Nf6+ {[%clk
00:00:48]} {[%emt 00:00:01]} 1-0

[Event "World Youth & Cadets Rapid Championships"]
[Site "Rhodes, Greece"]
[Date "2022.05.01"]
[Round "5.10"]
[White "Morkunas, Gustas"]
[Black "Hagner, Bennet"]
[Result "0-1"]
[TimeControl "10'/game & 5\"/move"]
[WhiteElo "1955"]
[BlackElo "2186"]

1. e4 {[%clk 00:10:08]} {[%emt 00:00:02]} e5 {[%clk 00:10:09]} {[%emt
00:00:01]} 2. Nf3 {[%clk 00:10:11]} {[%emt 00:00:01]} Nc6 {[%clk 00:10:13]}
{[%emt 00:00:01]} 3. Bb5 {[%clk 00:10:15]} {[%emt 00:00:01]} a6 {[%clk
00:10:17]} {[%emt 00:00:01]} 4. Ba4 {[%clk 00:10:19]} Nf6 {[%clk 00:10:21]}
{[%emt 00:00:02]} 5. d3 {[%clk 00:10:23]} {[%emt 00:00:01]} b5 {[%clk
00:10:21]} {[%emt 00:00:04]} 6. Bb3 {[%clk 00:10:27]} Be7 {[%clk 00:10:16]}
{[%emt 00:00:10]} 7. O-O {[%clk 00:10:26]} {[%emt 00:00:05]} d6 {[%clk
00:09:56]} {[%emt 00:00:26]} 8. a4 {[%clk 00:10:25]} {[%emt 00:00:07]} Bd7
{[%clk 00:09:37]} {[%emt 00:00:24]} 9. c3 {[%clk 00:10:10]} {[%emt 00:00:20]}
O-O {[%clk 00:09:36]} {[%emt 00:00:05]} 10. Nbd2 {[%clk 00:10:09]} {[%emt
00:00:06]} Na5 {[%clk 00:09:11]} {[%emt 00:00:31]} 11. Bc2 {[%clk 00:10:11]}
{[%emt 00:00:03]} c5 {[%clk 00:09:14]} {[%emt 00:00:02]} 12. Re1 {[%clk
00:10:10]} {[%emt 00:00:05]} Re8 {[%clk 00:08:48]} {[%emt 00:00:31]} 13. Nf1
{[%clk 00:10:08]} {[%emt 00:00:08]} Bf8 {[%clk 00:08:32]} {[%emt 00:00:22]} 14.
h3 {[%clk 00:08:58]} {[%emt 00:01:15]} h6 {[%clk 00:08:05]} {[%emt 00:00:31]}
15. Ng3 {[%clk 00:08:39]} {[%emt 00:00:23]} Nc6 {[%clk 00:08:03]} {[%emt
00:00:08]} 16. Be3 {[%clk 00:08:16]} {[%emt 00:00:27]} d5 {[%clk 00:07:58]}
{[%emt 00:00:11]} 17. exd5 {[%clk 00:07:46]} {[%emt 00:00:34]} Nxd5 {[%clk
00:08:02]} {[%emt 00:00:02]} 18. Bd2 {[%clk 00:06:30]} {[%emt 00:01:21]} Qc7
{[%clk 00:07:48]} {[%emt 00:00:18]} 19. Nh4 {[%clk 00:05:39]} {[%emt 00:00:57]}
Nde7 {[%clk 00:06:04]} {[%emt 00:01:49]} 20. Be3 {[%clk 00:05:13]} {[%emt
00:00:31]} Nd5 {[%clk 00:05:40]} {[%emt 00:00:29]} 21. Bd2 {[%clk 00:05:04]}
{[%emt 00:00:14]} Rad8 {[%clk 00:05:43]} {[%emt 00:00:02]} 22. Nhf5 {[%clk
00:04:42]} {[%emt 00:00:27]} Nde7 {[%clk 00:04:50]} {[%emt 00:00:57]} 23. Qf3
{[%clk 00:03:56]} {[%emt 00:00:52]} Nxf5 {[%clk 00:04:29]} {[%emt 00:00:26]} 24.
Nxf5 {[%clk 00:03:58]} {[%emt 00:00:02]} Qc8 {[%clk 00:04:33]} {[%emt
00:00:02]} 25. Ng3 {[%clk 00:03:03]} {[%emt 00:01:00]} Be6 {[%clk 00:04:14]}
{[%emt 00:00:24]} 26. axb5 {[%clk 00:02:42]} {[%emt 00:00:26]} axb5 {[%clk
00:04:17]} {[%emt 00:00:01]} 27. Be3 {[%clk 00:01:32]} {[%emt 00:01:16]} Bd5
{[%clk 00:04:02]} {[%emt 00:00:20]} 28. Qg4 {[%clk 00:01:30]} {[%emt 00:00:07]}
Be6 {[%clk 00:03:58]} {[%emt 00:00:09]} 29. Qf3 {[%clk 00:01:26]} {[%emt
00:00:09]} f5 {[%clk 00:03:42]} {[%emt 00:00:21]} 30. Nf1 {[%clk 00:01:06]}
{[%emt 00:00:25]} Bd5 {[%clk 00:03:18]} {[%emt 00:00:28]} 31. Qh5 {[%clk
00:01:06]} {[%emt 00:00:06]} Bf7 {[%clk 00:03:20]} {[%emt 00:00:02]} 32. Qf3
{[%clk 00:01:05]} {[%emt 00:00:06]} Bd5 {[%clk 00:02:34]} {[%emt 00:00:51]} 33.
Qh5 {[%clk 00:01:06]} {[%emt 00:00:04]} Qe6 {[%clk 00:02:37]} {[%emt 00:00:02]}
34. Ra6 {[%clk 00:00:49]} {[%emt 00:00:22]} Qf6 {[%clk 00:02:13]} {[%emt
00:00:30]} 35. Nh2 {[%clk 00:00:27]} {[%emt 00:00:27]} Ra8 {[%clk 00:02:10]}
{[%emt 00:00:08]} 36. Rea1 {[%clk 00:00:27]} {[%emt 00:00:06]} Rxa6 {[%clk
00:02:12]} {[%emt 00:00:02]} 37. Rxa6 {[%clk 00:00:30]} {[%emt 00:00:01]} Bf7
{[%clk 00:01:55]} {[%emt 00:00:22]} 38. Qf3 {[%clk 00:00:31]} {[%emt 00:00:05]}
Nd4 {[%clk 00:01:59]} {[%emt 00:00:01]} 39. Qb7 {[%clk 00:00:16]} {[%emt
00:00:20]} Re7 {[%clk 00:01:13]} {[%emt 00:00:51]} 40. Qa8 {[%clk 00:00:13]}
{[%emt 00:00:08]} Re6 {[%clk 00:01:07]} {[%emt 00:00:11]} 41. Rxe6 {[%clk
00:00:13]} {[%emt 00:00:05]} Nxe6 {[%clk 00:01:10]} {[%emt 00:00:02]} 42. Qc6
{[%clk 00:00:11]} {[%emt 00:00:07]} b4 {[%clk 00:01:00]} {[%emt 00:00:15]} 43.
cxb4 {[%clk 00:00:13]} {[%emt 00:00:03]} cxb4 {[%clk 00:01:04]} {[%emt
00:00:01]} 44. Bb3 {[%clk 00:00:11]} {[%emt 00:00:07]} f4 {[%clk 00:00:48]}
{[%emt 00:00:20]} 45. Bd2 {[%clk 00:00:15]} {[%emt 00:00:01]} Nd4 {[%clk
00:00:51]} {[%emt 00:00:02]} 46. Qxf6 {[%clk 00:00:18]} {[%emt 00:00:03]} gxf6
{[%clk 00:00:55]} {[%emt 00:00:01]} 47. Bd1 {[%emt 00:00:11]} Bg6 {[%clk
00:00:58]} {[%emt 00:00:01]} 48. Nf3 {[%clk 00:00:09]} {[%emt 00:00:09]} Nxf3+
{[%clk 00:00:43]} {[%emt 00:00:19]} 49. Bxf3 {[%clk 00:00:13]} {[%emt
00:00:02]} Bxd3 {[%clk 00:00:47]} {[%emt 00:00:01]} 50. Bd5+ {[%clk 00:00:15]}
{[%emt 00:00:03]} Kg7 {[%clk 00:00:51]} {[%emt 00:00:01]} 51. g3 {[%clk
00:00:11]} {[%emt 00:00:09]} fxg3 {[%clk 00:00:55]} {[%emt 00:00:02]} 52. fxg3
{[%clk 00:00:14]} Bc5+ {[%clk 00:00:58]} {[%emt 00:00:01]} 53. Kg2 {[%clk
00:00:17]} {[%emt 00:00:03]} e4 {[%clk 00:01:01]} {[%emt 00:00:02]} 54. Bc6
{[%clk 00:00:07]} {[%emt 00:00:14]} f5 {[%clk 00:01:04]} {[%emt 00:00:02]} 55.
Bd5 {[%clk 00:00:10]} {[%emt 00:00:03]} Kg6 {[%clk 00:01:07]} {[%emt 00:00:02]}
56. Bb3 {[%clk 00:00:10]} {[%emt 00:00:06]} e3 {[%clk 00:01:04]} {[%emt
00:00:08]} 57. Be1 {[%clk 00:00:13]} {[%emt 00:00:01]} Be4+ {[%clk 00:01:07]}
{[%emt 00:00:01]} 58. Kf1 {[%clk 00:00:12]} {[%emt 00:00:04]} Bf3 {[%clk
00:01:05]} {[%emt 00:00:10]} 59. Bc4 {[%clk 00:00:16]} f4 {[%clk 00:00:40]}
{[%emt 00:00:30]} 60. Be2 {[%clk 00:00:09]} {[%emt 00:00:12]} Be4 {[%clk
00:00:26]} {[%emt 00:00:19]} 61. gxf4 {[%clk 00:00:12]} {[%emt 00:00:02]} Kf5
{[%clk 00:00:30]} {[%emt 00:00:01]} 62. Bg3 {[%clk 00:00:10]} {[%emt 00:00:07]}
Bd4 {[%clk 00:00:33]} {[%emt 00:00:02]} 63. Be1 {[%clk 00:00:12]} {[%emt
00:00:03]} b3 {[%clk 00:00:32]} {[%emt 00:00:06]} 64. Bc4 {[%clk 00:00:13]}
{[%emt 00:00:04]} Bc2 {[%clk 00:00:35]} {[%emt 00:00:02]} 65. Ke2 {[%clk
00:00:15]} {[%emt 00:00:04]} Kxf4 {[%clk 00:00:36]} {[%emt 00:00:03]} 66. Bb4
{[%clk 00:00:12]} {[%emt 00:00:08]} Bxb2 {[%clk 00:00:38]} {[%emt 00:00:03]} 67.
Bd6+ {[%clk 00:00:15]} {[%emt 00:00:02]} Be5 {[%clk 00:00:36]} {[%emt
00:00:07]} 68. Bxe5+ {[%clk 00:00:07]} {[%emt 00:00:13]} Kxe5 {[%clk 00:00:39]}
{[%emt 00:00:01]} 69. Kxe3 {[%clk 00:00:10]} {[%emt 00:00:03]} b2 {[%clk
00:00:44]} {[%emt 00:00:01]} 70. Ba2 {[%clk 00:00:14]} b1=Q {[%clk 00:00:45]}
{[%emt 00:00:03]} 71. Bxb1 {[%clk 00:00:18]} {[%emt 00:00:01]} Bxb1 {[%clk
00:00:48]} {[%emt 00:00:02]} 72. Kf3 {[%clk 00:00:21]} {[%emt 00:00:02]} Kf5
{[%clk 00:00:52]} 73. Kg3 {[%clk 00:00:24]} {[%emt 00:00:02]} Kg5 {[%clk
00:00:56]} {[%emt 00:00:01]} 74. h4+ {[%clk 00:00:28]} {[%emt 00:00:01]} Kh5
{[%clk 00:01:00]} 75. Kh3 {[%clk 00:00:32]} {[%emt 00:00:01]} Bf5+ {[%clk
00:01:03]} {[%emt 00:00:02]} 76. Kg3 {[%clk 00:00:37]} Be6 {[%clk 00:01:07]}
0-1

[Event "World Youth & Cadets Rapid Championships"]
[Site "Rhodes, Greece"]
[Date "2022.05.01"]
[Round "5.11"]
[White "Podolskyi, Mykhailo"]
[Black "Antoniou, Rafail"]
[Result "1-0"]
[TimeControl "10'/game & 5\"/move"]
[WhiteElo "1948"]
[BlackElo "1754"]

1. d4 {[%clk 00:10:06]} {[%emt 00:00:03]} d5 {[%clk 00:10:07]} {[%emt
00:00:04]} 2. c4 {[%clk 00:10:00]} {[%emt 00:00:10]} e6 {[%clk 00:10:09]}
{[%emt 00:00:04]} 3. Nc3 {[%clk 00:10:01]} {[%emt 00:00:04]} Be7 {[%clk
00:10:10]} {[%emt 00:00:03]} 4. Nf3 {[%clk 00:09:51]} {[%emt 00:00:16]} Nf6
{[%clk 00:10:01]} {[%emt 00:00:14]} 5. cxd5 {[%clk 00:09:42]} {[%emt 00:00:14]}
exd5 {[%clk 00:10:04]} {[%emt 00:00:02]} 6. Bg5 {[%clk 00:09:45]} {[%emt
00:00:02]} Bf5 {[%clk 00:09:41]} {[%emt 00:00:28]} 7. Qb3 {[%clk 00:09:26]}
{[%emt 00:00:24]} Nbd7 {[%clk 00:09:07]} {[%emt 00:00:39]} 8. e3 {[%clk
00:08:14]} {[%emt 00:01:17]} c6 {[%clk 00:08:26]} {[%emt 00:00:47]} 9. Qxb7
{[%clk 00:06:46]} {[%emt 00:01:32]} Rb8 {[%clk 00:05:47]} {[%emt 00:02:45]} 10.
Qxc6 {[%clk 00:05:44]} {[%emt 00:01:06]} Rxb2 {[%clk 00:05:32]} {[%emt
00:00:20]} 11. Bxf6 {[%clk 00:03:08]} {[%emt 00:02:41]} Bxf6 {[%clk 00:04:13]}
{[%emt 00:01:25]} 12. Be2 {[%clk 00:01:41]} {[%emt 00:01:31]} Rc2 {[%clk
00:03:02]} {[%emt 00:01:16]} 13. O-O {[%clk 00:00:59]} {[%emt 00:00:48]} Qa5
{[%clk 00:02:45]} {[%emt 00:00:22]} 14. Rfc1 {[%clk 00:00:44]} {[%emt
00:00:20]} Rxc1+ {[%clk 00:02:20]} {[%emt 00:00:30]} 15. Rxc1 {[%clk 00:00:48]}
{[%emt 00:00:01]} Be6 {[%clk 00:02:23]} {[%emt 00:00:02]} 16. Qc8+ {[%clk
00:00:10]} {[%emt 00:00:42]} Bd8 {[%clk 00:02:25]} {[%emt 00:00:04]} 17. Bb5
{[%clk 00:00:10]} {[%emt 00:00:05]} O-O {[%clk 00:02:26]} {[%emt 00:00:03]} 18.
Bxd7 {[%clk 00:00:09]} {[%emt 00:00:06]} Bc7 {[%clk 00:02:21]} {[%emt
00:00:11]} 19. Qb7 {[%clk 00:00:09]} {[%emt 00:00:05]} Bxd7 {[%clk 00:02:19]}
{[%emt 00:00:06]} 20. Nxd5 {[%clk 00:00:12]} {[%emt 00:00:03]} Bd6 {[%clk
00:02:02]} {[%emt 00:00:22]} 21. Qxd7 {[%clk 00:00:13]} {[%emt 00:00:04]} Qxd5
{[%clk 00:02:05]} {[%emt 00:00:02]} 22. Qxa7 {[%clk 00:00:09]} {[%emt
00:00:09]} Ra8 {[%clk 00:02:07]} {[%emt 00:00:03]} 23. Qb6 {[%clk 00:00:07]}
{[%emt 00:00:06]} g6 {[%clk 00:01:43]} {[%emt 00:00:29]} 24. Qc6 {[%clk
00:00:08]} {[%emt 00:00:04]} Qxc6 25. Rxc6 {[%clk 00:00:12]} Rxa2 {[%clk
00:01:38]} {[%emt 00:00:02]} 26. g3 {[%clk 00:00:15]} {[%emt 00:00:02]} Be7
{[%clk 00:01:28]} {[%emt 00:00:14]} 27. Rc7 {[%clk 00:00:16]} {[%emt 00:00:05]}
Bd6 {[%clk 00:01:12]} {[%emt 00:00:21]} 28. Rd7 {[%clk 00:00:18]} {[%emt
00:00:02]} Ra6 {[%clk 00:01:16]} {[%emt 00:00:02]} 29. Kg2 {[%clk 00:00:22]}
{[%emt 00:00:01]} h6 {[%clk 00:01:19]} {[%emt 00:00:02]} 30. Nd2 {[%clk
00:00:20]} {[%emt 00:00:07]} Kg7 {[%clk 00:01:08]} {[%emt 00:00:15]} 31. Nc4
{[%clk 00:00:21]} {[%emt 00:00:04]} Bb8 {[%clk 00:01:00]} {[%emt 00:00:13]} 32.
Rb7 {[%clk 00:00:25]} {[%emt 00:00:02]} Bd6 {[%clk 00:00:59]} {[%emt 00:00:05]}
33. Nxd6 {[%clk 00:00:15]} {[%emt 00:00:15]} Rxd6 {[%clk 00:01:03]} {[%emt
00:00:02]} 34. Rb1 {[%clk 00:00:14]} {[%emt 00:00:06]} Kf6 {[%clk 00:01:00]}
{[%emt 00:00:08]} 35. Rd1 {[%clk 00:00:18]} {[%emt 00:00:01]} Rb6 {[%clk
00:00:56]} {[%emt 00:00:09]} 36. h4 {[%clk 00:00:18]} {[%emt 00:00:04]} Ke6
{[%emt 00:00:09]} 37. Rd2 {[%clk 00:00:21]} f5 {[%clk 00:00:57]} {[%emt
00:00:02]} 38. Kf3 {[%clk 00:00:25]} {[%emt 00:00:01]} Kd5 {[%clk 00:01:00]}
{[%emt 00:00:02]} 39. Kf4 {[%clk 00:00:25]} {[%emt 00:00:05]} Re6 {[%clk
00:01:00]} {[%emt 00:00:05]} 40. Ra2 {[%clk 00:00:26]} {[%emt 00:00:04]} Re4+
{[%clk 00:01:01]} {[%emt 00:00:03]} 41. Kf3 {[%clk 00:00:30]} {[%emt 00:00:01]}
g5 {[%clk 00:01:03]} {[%emt 00:00:03]} 42. hxg5 {[%clk 00:00:32]} {[%emt
00:00:03]} hxg5 {[%clk 00:01:07]} {[%emt 00:00:02]} 43. Ra5+ {[%clk 00:00:32]}
{[%emt 00:00:05]} Ke6 {[%emt 00:00:04]} 44. Ke2 {[%emt 00:00:02]} Kf6 {[%clk
00:00:57]} {[%emt 00:00:19]} 45. Ra6+ {[%clk 00:00:35]} {[%emt 00:00:02]} Kf7
{[%clk 00:01:00]} {[%emt 00:00:02]} 46. Kd3 {[%clk 00:00:33]} {[%emt 00:00:07]}
Rg4 {[%clk 00:01:03]} {[%emt 00:00:01]} 47. Rc6 {[%clk 00:00:17]} {[%emt
00:00:21]} f4 {[%clk 00:01:03]} {[%emt 00:00:05]} 48. gxf4 {[%clk 00:00:16]}
{[%emt 00:00:07]} gxf4 {[%clk 00:01:06]} {[%emt 00:00:02]} 49. e4 {[%clk
00:00:19]} {[%emt 00:00:01]} Rg1 {[%clk 00:00:41]} {[%emt 00:00:30]} 50. Ke2
{[%clk 00:00:20]} {[%emt 00:00:04]} Ra1 {[%clk 00:00:38]} {[%emt 00:00:08]} 51.
Kf3 {[%clk 00:00:22]} {[%emt 00:00:03]} Ra2 {[%clk 00:00:41]} {[%emt 00:00:02]}
52. Kxf4 {[%clk 00:00:24]} {[%emt 00:00:03]} Rxf2+ {[%clk 00:00:44]} {[%emt
00:00:02]} 53. Ke5 {[%clk 00:00:28]} {[%emt 00:00:01]} Rh2 {[%clk 00:00:46]}
{[%emt 00:00:03]} 54. Rc7+ {[%clk 00:00:32]} {[%emt 00:00:02]} Ke8 {[%clk
00:00:49]} {[%emt 00:00:01]} 55. Kd5 {[%clk 00:00:35]} {[%emt 00:00:03]} Ra2
{[%clk 00:00:51]} {[%emt 00:00:03]} 56. e5 {[%clk 00:00:38]} {[%emt 00:00:02]}
Ra5+ {[%clk 00:00:53]} {[%emt 00:00:03]} 57. Ke6 {[%clk 00:00:42]} Ra6+ {[%clk
00:00:57]} {[%emt 00:00:01]} 58. Kf5 {[%clk 00:00:46]} Rh6 {[%clk 00:00:41]}
{[%emt 00:00:21]} 59. e6 {[%clk 00:00:47]} {[%emt 00:00:04]} Rh4 {[%clk
00:00:40]} {[%emt 00:00:05]} 60. d5 {[%clk 00:00:50]} {[%emt 00:00:03]} Rh5+
{[%clk 00:00:44]} 61. Kf6 {[%clk 00:00:48]} {[%emt 00:00:06]} Kd8 {[%clk
00:00:26]} {[%emt 00:00:23]} 62. Rd7+ {[%clk 00:00:48]} {[%emt 00:00:06]} Ke8
{[%clk 00:00:30]} {[%emt 00:00:01]} 63. Ra7 {[%clk 00:00:51]} {[%emt 00:00:02]}
Rh6+ {[%clk 00:00:14]} {[%emt 00:00:20]} 64. Ke5 {[%clk 00:00:54]} {[%emt
00:00:02]} Rh1 {[%emt 00:00:22]} 1-0